000 00953cam a22002654a 4500
999 _c2293
_d2293
003 OSt
005 20210714063302.0
008 980126s1999 inua 001 0 eng
020 _a9781578700714
040 _cDLC
042 _apcc
050 0 0 _aTK5105.5
_b.S65 1999
100 1 _aSportack, Mark A.
245 1 0 _aIP routing fundamentals /
_cMark A. Sportack.
260 _aIndianapolis, IN :
_bCisco Systems/Cisco Press,
_cc1999.
300 _axvii, 510 p. :
_bill. ;
_c23 cm.
440 0 _aCisco Press fundamentals series
650 0 _aTCP/IP (Computer network protocol)
650 0 _aInternetworking (Telecommunication)
650 0 _aRouters (Computer networks)
906 _a7
_bcbc
_corignew
_d2
_eopcn
_f19
_gy-gencatlg
942 _2lcc
_cBK
_nS0